Finančný manažment
Gespeichert in:
| 1. Verfasser: | |
|---|---|
| Weitere Verfasser: | , |
| Format: | Buch |
| Sprache: | Slowakisch |
| Veröffentlicht: |
Bratislava
Iura Edition
2002
|
| Schriftenreihe: | Ekonómia
|
| Schlagworte: | |
| Tags: |
Keine Tags, Fügen Sie das erste Tag hinzu!
|
MARC
| LEADER | 00000nam a2200000 4500 | ||
|---|---|---|---|
| 001 | c134210 | ||
| 005 | 20240502071322.1 | ||
| 020 | |a 80-89047-17-3 | ||
| 041 | 0 | |a slo | |
| 044 | |a SK | ||
| 245 | 1 | 0 | |a Finančný manažment |c Jozef Kráľovič, Karol Vlachynský |
| 264 | 1 | |a Bratislava |b Iura Edition |c 2002 | |
| 300 | |a 419 s. | ||
| 490 | 1 | |a Ekonómia | |
| 830 | 0 | |a Ekonómia | |
| 610 | 2 | 0 | |a manažment finančný |
| 610 | 2 | 0 | |a prostredie ekonomické |
| 610 | 2 | 0 | |a podnik |
| 610 | 2 | 0 | |a analýza finančná |
| 610 | 2 | 0 | |a plánovanie finančné |
| 610 | 2 | 0 | |a plánovanie podnikové |
| 610 | 2 | 0 | |a kapitál |
| 610 | 2 | 0 | |a štruktúra podniku finančná |
| 610 | 2 | 0 | |a vklady |
| 610 | 2 | 0 | |a majetok investičný |
| 610 | 2 | 0 | |a kapitál prevádzkový |
| 610 | 2 | 0 | |a investovanie |
| 610 | 2 | 0 | |a riziko |
| 610 | 2 | 0 | |a politika finančná |
| 610 | 2 | 0 | |a dividendy |
| 610 | 2 | 0 | |a styk platobný |
| 610 | 2 | 0 | |a kurz menový |
| 610 | 2 | 0 | |a politika medzinárodná |
| 610 | 2 | 0 | |a fúzie |
| 100 | 1 | |a Kráľovič, Jozef | |
| 700 | 1 | |a Vlachynský, Karol | |
| 700 | 1 | |a Markovič, Peter, 1974- | |